MARC

LEADER 00000nam0a2200000 4500
001 377844
005 20231102012944.0
035 |a (RuTPU)RU\TPU\retro\35298 
090 |a 377844 
100 |a 20230406d1979 k y0rusy50 ca 
101 0 |a rus 
102 |a UA 
105 |a y z 001zy 
200 1 |a Нормальные формы, инварианты и локальные отображения  |f Г. Р. Белицкий  |g Академия наук Украинской ССР, Физико-технический институт низких температур им. Б. И. Веркина ; отв. ред. В. А. Ткаченко 
210 |a Киев  |c Наукова думка  |d 1979 
215 |a 173 с. 
320 |a Библиогр.: с. 168-171 
606 1 |a Отображения  |2 stltpush  |3 (RuTPU)RU\TPU\subj\47740  |9 66652 
610 1 |a нормальные формы 
610 1 |a инварианты 
610 1 |a локальные отображения 
610 1 |a степенные ряды 
610 1 |a ростки аналитических отображений 
610 1 |a эквивалентность 
610 1 |a гладкие отображения 
675 |a 512.54  |v 4 
700 1 |a Белицкий  |b Г. Р.  |g Генрих Рувимович 
702 1 |a Ткаченко  |b В. А.  |4 340 
712 0 2 |a Академия наук Украинской ССР  |b Физико-технический институт низких температур им. Б. И. Веркина  |c (Харьков)  |2 stltpush  |3 (RuTPU)RU\TPU\col\1121  |9 23519 
801 1 |a RU  |b 63413507  |c 20230406 
801 2 |a RU  |b 63413507  |c 20230406  |g RCR 
942 |c BK